000 01106nam a2200337 c 4500
001 57759
003 CO-BoRNBP
005 20250730142608.0
007 ta
008 200330s1991 ck a jr 000 f spa d
020 _a9580702977
040 _aCO-BoRNBP
_bspa
_erda
_cCO-BoRNBP
041 0 _aspa
043 _ae-sp---
084 _aN
100 1 _aAlmena, Fernando,
_d1943-
_eaut
_944555
245 1 3 _aEl cuchipando /
_cFernando Almena ; ilustraciones Carmen Cano.
250 _aPrimera edición
264 1 _aMedellín, Colombia :
_bEdilux Ediciones,
_c1991
300 _a90 páginas :
_bilustraciones
336 _atexto
_btxt
_2rdacontent
337 _ano mediado
_bn
_2rdamedia
338 _avolumen
_bnc
_2rdacarrier
490 0 _aNovela de vacaciones Edilux.
_aEscogidos por maestros,
_v6
521 1 _aRecomendado para un público mayor de 10 años
650 0 7 _aLiteratura juvenil española
_ysiglo xx
_2lemb
_91641
650 0 7 _aNiños en la literatura
_2lemb
_9873
650 0 7 _aNovela juvenil española
_ysiglo xx
_2lemb
_961530
700 _aCano, Carmen
_eill
_961531
942 _2loc
_cBKLITI
999 _c57759
_d57759